| 000 | 01452nam a2200313 a 4500 | ||
|---|---|---|---|
| 001 | ebr10443263 | ||
| 003 | CaPaEBR | ||
| 006 | m u | ||
| 007 | cr cn||||||||| | ||
| 008 | 110215s2011 dcuad sb 000 0 eng d | ||
| 020 | _z9780309161886 | ||
| 020 | _z0309161886 | ||
| 040 |
_aCaPaEBR _cCaPaEBR |
||
| 035 | _a(OCoLC)709777204 | ||
| 050 | 1 | 4 |
_aRC523 _b.W59 2011eb |
| 100 | 1 | _aWizeman, Theresa. | |
| 245 | 1 | 0 |
_aFuture opportunities to leverage the Alzheimer's disease neuroimaging initiative _h[electronic resource] : _bworkshop summary / _cTheresa Wizemann, Diana E. Pankevich and Bruce M. Altevogt ; Forum on Neuroscience and Nervous System Disorders, Board on Health Science Policy. |
| 260 |
_aWashington, D.C. : _bNational Academies Press, _c2011. |
||
| 300 |
_axi, 24 p. : _bill. |
||
| 504 | _aIncludes bibliographical references (p. 19). | ||
| 533 |
_aElectronic reproduction. _bPalo Alto, Calif. : _cebrary, _d2011. _nAvailable via World Wide Web. _nAccess may be limited to ebrary affiliated libraries. |
||
| 650 | 0 |
_aAlzheimer's disease _xImaging. |
|
| 655 | 7 |
_aElectronic books. _2local |
|
| 700 | 1 |
_aPankevich, Diana E., _d1975- |
|
| 700 | 1 | _aAltevogt, Bruce M. | |
| 710 | 2 |
_aInstitute of Medicine (U.S.). _bForum on Neuroscience and Nervous System Disorders. |
|
| 710 | 2 | _aebrary, Inc. | |
| 856 | 4 | 0 |
_uhttp://site.ebrary.com/lib/rucke/Doc?id=10443263 _zAn electronic book accessible through the World Wide Web; click to view |
| 999 |
_c135673 _d135673 |
||